[Event "Aragon-chT Honor GrB"]
[Site "Aragon"]
[Date "2017.03.04"]
[Round "6.29"]
[White "Garza Marco, Sergio"]
[Black "Cebrian Valverde, Jose Antonio"]
[Result "1-0"]
[WhiteElo "2398"]
[BlackElo "2137"]
[PlyCount "65"]
[EventDate "2017.01.28"]
[EventType "team-tourn"]
[EventRounds "7"]
[EventCountry "ESP"]
[SourceTitle "EXT 2018"]
[Source "ChessBase"]
[SourceDate "2017.10.13"]
[SourceVersion "1"]
[SourceVersionDate "2017.10.13"]
[SourceQuality "1"]
[WhiteTeam "Helios"]
[BlackTeam "San Jose"]
[WhiteTeamCountry "ESP"]
[BlackTeamCountry "ESP"]

1. d4 d5 2. c4 e6 3. Nc3 Be7 4. cxd5 exd5 5. Bf4 c6 6. e3 Nf6 7. Bd3 0-0 8. h3 Re8 9. Qc2 g6 10. Nf3 Nh5 11. Bh2 Ng7 12. g4 Nd7 13. 0-0-0 Nf6 14. Ne5 Be6 15. Kb1 Nd7 16. f4 f5 17. Rdg1 Rf8 18. Rg2 c5 19. gxf5 Bxf5 20. Nxd5 cxd4 21. exd4 Rc8 22. Qb3 Bxd3+ 23. Nxd3 Kh8 24. Qxb7 Rb8 25. Qc7 Qxc7 26. Nxc7 Bd6 27. Na6 Rb5 28. Rc1 Nf5 29. Nac5 Nf6 30. Bg1 Nd5 31. a4 Ra5 32. b4 Rb8 33. Rb2 1-0

[Event "Aragon-chT Honor GrB"]
[Site "Aragon"]
[Date "2017.02.25"]
[Round "5.21"]
[White "Cebrian Valverde, Jose Antonio"]
[Black "Adla, Diego Gustavo"]
[Result "0-1"]
[WhiteElo "2137"]
[BlackElo "2398"]
[PlyCount "56"]
[EventDate "2017.01.28"]
[EventType "team-tourn"]
[EventRounds "7"]
[EventCountry "ESP"]
[SourceTitle "EXT 2018"]
[Source "ChessBase"]
[SourceDate "2017.10.13"]
[SourceVersion "1"]
[SourceVersionDate "2017.10.13"]
[SourceQuality "1"]
[WhiteTeam "San Jose"]
[BlackTeam "St Casablanca"]
[WhiteTeamCountry "ESP"]
[BlackTeamCountry "ESP"]

1. d4 Nf6 2. c4 e6 3. g3 c5 4. d5 exd5 5. cxd5 d6 6. Nc3 g6 7. Bg5 h6 8. Bf4 a6 9. h4 Bg7 10. Qd2 b5 11. Qe3+ Kf8 12. Bg2 Ra7 13. Qd2 Re7 14. e3 Bf5 15. Nge2 b4 16. Na4 Ne4 17. Bxe4 Bxe4 18. 0-0 Bf3 19. a3 bxa3 20. Rxa3 g5 21. Re1 Bxe2 22. Rxe2 gxf4 23. exf4 Bd4 24. b4 Rxe2 25. Qxe2 cxb4 26. Rb3 a5 27. Qc4 Bf6 28. Qb5 Kg7 0-1

[Event "Aragon-chT Honor GrB"]
[Site "Aragon"]
[Date "2017.02.11"]
[Round "3.25"]
[White "Cebrian Valverde, Jose Antonio"]
[Black "Del Rey, Diego"]
[Result "0-1"]
[WhiteElo "2137"]
[BlackElo "2356"]
[PlyCount "48"]
[EventDate "2017.01.28"]
[EventType "team-tourn"]
[EventRounds "7"]
[EventCountry "ESP"]
[SourceTitle "EXT 2018"]
[Source "ChessBase"]
[SourceDate "2017.10.13"]
[SourceVersion "1"]
[SourceVersionDate "2017.10.13"]
[SourceQuality "1"]
[WhiteTeam "San Jose"]
[BlackTeam "El Olivar"]
[WhiteTeamCountry "ESP"]
[BlackTeamCountry "ESP"]

1. d4 Nf6 2. c4 g6 3. Nc3 Bg7 4. e4 d6 5. Be2 Nbd7 6. h4 h5 7. Be3 c5 8. Qd2 Qa5 9. 0-0-0 cxd4 10. Bxd4 0-0 11. Kb1 Re8 12. Nh3 a6 13. f3 Rb8 14. Ba7 Ra8 15. Bd4 Nc5 16. Bxf6 exf6 17. Qxd6 Bxh3 18. gxh3 Rad8 19. Qf4 f5 20. Rxd8 Rxd8 21. Nd5 Na4 22. e5 Re8 23. Nf6+ Bxf6 24. exf6 Qb6 0-1

[Event "Aragon-chT Honor GrB"]
[Site "Aragon"]
[Date "2017.02.04"]
[Round "2.21"]
[White "Cifuentes Parada, Roberto"]
[Black "Cebrian Valverde, Jose Antonio"]
[Result "1-0"]
[WhiteElo "2478"]
[BlackElo "2137"]
[PlyCount "91"]
[EventDate "2017.01.28"]
[EventType "team-tourn"]
[EventRounds "7"]
[EventCountry "ESP"]
[SourceTitle "EXT 2018"]
[Source "ChessBase"]
[SourceDate "2017.10.13"]
[SourceVersion "1"]
[SourceVersionDate "2017.10.13"]
[SourceQuality "1"]
[WhiteTeam "Jaque"]
[BlackTeam "San Jose"]
[WhiteTeamCountry "ESP"]
[BlackTeamCountry "ESP"]

1. d4 d5 2. Nf3 e6 3. c4 Nf6 4. e3 c5 5. cxd5 exd5 6. Bb5+ Bd7 7. Bxd7+ Nbxd7 8. dxc5 Nxc5 9. 0-0 Be7 10. b3 0-0 11. Bb2 Qd7 12. Nc3 Rad8 13. Qe2 a6 14. Rfd1 Rfe8 15. Rac1 Bf8 16. h3 Qf5 17. Nd4 Qd7 18. Qf3 Nce4 19. Nde2 Bd6 20. Nd4 Re5 21. Qe2 Rde8 22. Nxe4 Rxe4 23. Nf3 Qf5 24. Bxf6 gxf6 25. Qd3 Rd8 26. Nd2 Re5 27. Qxf5 Rxf5 28. Nf3 Kf8 29. g4 Rxf3 30. Kg2 Rf4 31. exf4 Bxf4 32. Rc5 d4 33. Kf3 Be5 34. Ke4 Re8 35. Kd3 Bb8 36. Rd5 Be5 37. Rc1 Kg7 38. Rd7 b6 39. Rc6 h5 40. Rxb6 hxg4 41. hxg4 Kg6 42. Rxa6 Kg5 43. Rxf7 Kxg4 44. Raxf6 Bxf6 45. Rxf6 Ra8 46. Kxd4 1-0

[Event "Aragon-chT Honor GrA"]
[Site "Aragon"]
[Date "2015.02.28"]
[Round "6.13"]
[White "Lana Rodriguez, David"]
[Black "Cebrian Valverde, Jose Antonio"]
[Result "1-0"]
[WhiteElo "2254"]
[BlackElo "2140"]
[PlyCount "77"]
[EventDate "2015.01.24"]
[EventType "team-tourn"]
[EventRounds "7"]
[EventCountry "ESP"]
[SourceTitle "EXT 2017"]
[Source "ChessBase"]
[SourceDate "2016.10.25"]
[SourceVersion "1"]
[SourceVersionDate "2016.10.25"]
[SourceQuality "1"]
[WhiteTeam "Agrupacion"]
[BlackTeam "San Jose"]
[WhiteTeamCountry "ESP"]
[BlackTeamCountry "ESP"]

1. e4 e6 2. d4 d5 3. Nc3 Bb4 4. Nge2 dxe4 5. a3 Bxc3+ 6. Nxc3 Nc6 7. Bb5 Nge7 8. Nxe4 Qd5 9. Qd3 f5 10. Ng3 Bd7 11. Be3 Qxg2 12. 0-0-0 0-0-0 13. Bg5 Rhe8 14. Qe2 h6 15. Rhg1 Qd5 16. c4 Nxd4 17. Qe3 Qc5 18. Bxe7 Qxe7 19. Qxd4 c6 20. Ba4 e5 21. Qxa7 Qh4 22. Rxd7 Qxc4+ 23. Kb1 Rxd7 24. Qa8+ Kc7 25. Qxe8 Qxa4 26. Qxe5+ Kc8 27. Qxf5 g6 28. Qxg6 Rd1+ 29. Rxd1 Qxd1+ 30. Ka2 Qd5+ 31. Ka1 Qg2 32. Qe8+ Kc7 33. Qe5+ Kc8 34. Qf5+ Kb8 35. h4 Qg1+ 36. Ka2 Qc1 37. Qe5+ Ka8 38. Qe8+ Ka7 39. Qe3+ 1-0

[Event "Aragon-chT Preferente B"]
[Site "Aragon"]
[Date "2012.03.24"]
[Round "8.65"]
[White "Argueso Pascual, Jorge"]
[Black "Cebrian Valverde, Jose Antonio"]
[Result "1/2-1/2"]
[WhiteElo "1998"]
[BlackElo "2142"]
[PlyCount "61"]
[EventDate "2012.02.04"]
[EventType "team"]
[EventRounds "9"]
[EventCountry "ESP"]
[SourceTitle "EXT 2014"]
[Source "ChessBase"]
[SourceDate "2013.11.20"]
[SourceVersion "1"]
[SourceVersionDate "2013.11.20"]
[SourceQuality "1"]
[WhiteTeam "El Soto"]
[BlackTeam "San Jose"]
[WhiteTeamCountry "ESP"]
[BlackTeamCountry "ESP"]

1. e4 e6 2. d4 d5 3. Nc3 Bb4 4. exd5 exd5 5. Bd3 Nf6 6. Nge2 0-0 7. 0-0 c6 8. Bg5 Bg4 9. a3 Bd6 10. Qd2 Nbd7 11. Rfe1 Qc7 12. h3 Bh5 13. Bf4 Rfe8 14. Bxd6 Qxd6 15. Qf4 Qxf4 16. Nxf4 Bg6 17. Nxg6 hxg6 18. Kf1 Nf8 19. Rxe8 Rxe8 20. Re1 Ne6 21. Ne2 Nh5 22. c3 Kf8 23. g3 Ng5 24. Ng1 Nf6 25. Rxe8+ Kxe8 26. f3 Ke7 27. Kf2 b6 28. Ke3 Kd6 29. h4 Ne6 30. Ne2 g5 31. g4 1/2-1/2

[Event "Aragon-chT Preferente B"]
[Site "Aragon"]
[Date "2012.03.03"]
[Round "5.65"]
[White "Cebrian Valverde, Jose Antonio"]
[Black "Correas Marcen, Jose Maria"]
[Result "0-1"]
[WhiteElo "2142"]
[BlackElo "1994"]
[PlyCount "56"]
[EventDate "2012.02.04"]
[EventType "team"]
[EventRounds "9"]
[EventCountry "ESP"]
[SourceTitle "EXT 2014"]
[Source "ChessBase"]
[SourceDate "2013.11.20"]
[SourceVersion "1"]
[SourceVersionDate "2013.11.20"]
[SourceQuality "1"]
[WhiteTeam "San Jose"]
[BlackTeam "Olivar III"]
[WhiteTeamCountry "ESP"]
[BlackTeamCountry "ESP"]

1. d4 g6 2. c4 Bg7 3. Nc3 c5 4. d5 Bxc3+ 5. bxc3 f5 6. g4 fxg4 7. h3 Qa5 8. Qd3 d6 9. hxg4 Bxg4 10. f3 Bd7 11. Nh3 Na6 12. Nf4 Nf6 13. Nxg6 Rg8 14. Nf4 0-0-0 15. Bd2 Nc7 16. Bh3 Bxh3 17. Nxh3 Kb8 18. Ng5 Rg7 19. Kf2 Rdg8 20. Nxh7 Rg2+ 21. Ke3 Nd7 22. Rh5 Ne5 23. Rxe5 dxe5 24. Rh1 Qxa2 25. Rh5 e4 26. Qxe4 Rxe2+ 27. Kxe2 Rg2+ 28. Kf1 Qxd2 0-1

[Event "Aragon-chT Preferente B"]
[Site "Aragon"]
[Date "2012.02.18"]
[Round "3.69"]
[White "Cebrian Valverde, Jose Antonio"]
[Black "Landa Garriga, Francisco Javier"]
[Result "1-0"]
[WhiteElo "2142"]
[BlackElo "1986"]
[PlyCount "57"]
[EventDate "2012.02.04"]
[EventType "team"]
[EventRounds "9"]
[EventCountry "ESP"]
[SourceTitle "EXT 2014"]
[Source "ChessBase"]
[SourceDate "2013.11.20"]
[SourceVersion "1"]
[SourceVersionDate "2013.11.20"]
[SourceQuality "1"]
[WhiteTeam "San Jose"]
[BlackTeam "Aragon ONCE II"]
[WhiteTeamCountry "ESP"]
[BlackTeamCountry "ESP"]

1. d4 Nf6 2. c4 g6 3. Nc3 Bg7 4. e4 d6 5. Be2 0-0 6. Nf3 e5 7. 0-0 Nc6 8. d5 Ne7 9. Ne1 Ne8 10. Nd3 f5 11. exf5 gxf5 12. f4 e4 13. Ne1 Ng6 14. g3 Kh8 15. Be3 c5 16. dxc6 bxc6 17. Qd2 Qe7 18. Nc2 Bb7 19. b4 Nc7 20. Bd4 Rad8 21. Ne3 Qf7 22. Bxg7+ Kxg7 23. g4 Nh4 24. Qe1 Nf3+ 25. Bxf3 exf3 26. Nxf5+ Kh8 27. Ne4 Qxc4 28. Nexd6 Rxd6 29. Qe5+ 1-0

[Event "Aragon-chT Preferente-B"]
[Site "Spain"]
[Date "2011.04.02"]
[Round "9.2"]
[White "Cebrian Valverde, Jose Antonio"]
[Black "Martin Diaz, Eduardo"]
[Result "1-0"]
[WhiteElo "2138"]
[BlackElo "1936"]
[PlyCount "61"]
[EventDate "2011.02.05"]
[EventType "team-tourn"]
[EventRounds "9"]
[EventCountry "ESP"]
[SourceTitle "EXT 2013"]
[Source "ChessBase"]
[SourceDate "2012.11.22"]
[SourceVersion "1"]
[SourceVersionDate "2012.11.22"]
[SourceQuality "1"]
[WhiteTeam "San Jose"]
[BlackTeam "Ramiro II"]
[WhiteTeamCountry "ESP"]
[BlackTeamCountry "ESP"]

1. d4 Nf6 2. c4 c5 3. d5 b5 4. cxb5 a6 5. b6 Qxb6 6. Nc3 g6 7. a4 a5 8. e4 d6 9. Bb5+ Bd7 10. Be2 Bg7 11. Nf3 0-0 12. Nd2 Na6 13. 0-0 Nb4 14. Nc4 Qa7 15. Bg5 h6 16. Be3 Kh7 17. g4 Ng8 18. f4 Qc7 19. g5 Bh3 20. Rf3 Bg4 21. Rg3 Bxe2 22. Qxe2 h5 23. Rh3 Bd4 24. Nb5 Bxe3+ 25. Nxe3 Qd7 26. Rxh5+ Kg7 27. Rh4 e6 28. Qg4 Qe7 29. dxe6 fxe6 30. Qh3 Rf7 31. Rh7+ 1-0

[Event "Aragon-chT Preferente"]
[Site "Spain"]
[Date "2010.01.23"]
[Round "1.5"]
[White "Adla, Diego Gustavo"]
[Black "Cebrian Valverde, Jose Antonio"]
[Result "1-0"]
[WhiteElo "2506"]
[BlackElo "2189"]
[PlyCount "77"]
[EventDate "2010.01.23"]
[EventType "team-swiss"]
[EventRounds "12"]
[EventCountry "ESP"]
[SourceTitle "EXT 2013"]
[Source "ChessBase"]
[SourceDate "2012.11.22"]
[SourceVersion "1"]
[SourceVersionDate "2012.11.22"]
[SourceQuality "1"]
[WhiteTeam "St Casablanca"]
[BlackTeam "San Jose"]
[WhiteTeamCountry "ESP"]
[BlackTeamCountry "ESP"]

1. d4 Nf6 2. c4 c5 3. d5 b5 4. cxb5 a6 5. f3 g6 6. e4 d6 7. Na3 Bg7 8. Ne2 0-0 9. Nc3 Nfd7 10. Be2 axb5 11. Naxb5 Ba6 12. 0-0 Nb6 13. Bg5 N8d7 14. Qd2 Ne5 15. b3 c4 16. Nd4 Re8 17. Be3 cxb3 18. axb3 Bxe2 19. Ncxe2 Nbd7 20. Rab1 Nc5 21. b4 Nc4 22. Qc1 Nxe3 23. Qxe3 Na4 24. Rfc1 Qb6 25. Rc6 Qb7 26. b5 Nc5 27. b6 Reb8 28. Rxc5 dxc5 29. Nc6 Rc8 30. Qxc5 Bf8 31. Qb5 Ra2 32. Nc1 Ra6 33. Nd3 e6 34. Na5 Rxa5 35. Qxa5 exd5 36. Qxd5 Qb8 37. Ne5 Rc7 38. Nd7 Qb7 39. Nxf8 1-0

[Event "Aragon-chT"]
[Site "Aragon"]
[Date "2009.03.14"]
[Round "7"]
[White "Cebrian Valverde, Jose Antonio"]
[Black "Fernandez Rubio, Rafael"]
[Result "1-0"]
[WhiteElo "2200"]
[BlackElo "2025"]
[PlyCount "103"]
[EventDate "2009.01.24"]
[EventType "team-swiss"]
[EventRounds "9"]
[EventCountry "ESP"]
[SourceTitle "EXT 2011"]
[Source "ChessBase"]
[SourceDate "2010.11.26"]
[SourceVersion "1"]
[SourceVersionDate "2010.11.26"]
[SourceQuality "1"]

1. d4 Nf6 2. c4 g6 3. Nc3 Bg7 4. e4 d6 5. Be2 0-0 6. Nf3 e5 7. 0-0 Nc6 8. d5 Ne7 9. Ne1 Ne8 10. Nd3 f5 11. exf5 gxf5 12. f4 e4 13. Ne1 c5 14. dxc6 bxc6 15. Be3 Be6 16. Nc2 c5 17. Qd2 Qb6 18. b4 Qc6 19. b5 Qc7 20. a4 Qa5 21. Ra3 Bxc3 22. Qxc3 Qxc3 23. Rxc3 Nf6 24. Rd1 Rfd8 25. Bf2 Rac8 26. Bh4 Kf7 27. Rh3 Ng6 28. Bg5 d5 29. cxd5 Rxd5 30. Rxd5 Bxd5 31. Ne3 Be6 32. Bc4 Bxc4 33. Nxc4 Rc7 34. a5 Ke6 35. b6 axb6 36. axb6 Rb7 37. Ra3 Nd5 38. Ra7 Rb8 39. g3 Nf8 40. b7 Nd7 41. Ra6+ Kf7 42. Rd6 N5f6 43. Ne5+ Nxe5 44. Rxf6+ Ke8 45. Re6+ Kf7 46. Rxe5 Rxb7 47. Rxf5+ Kg6 48. Rxc5 Rb1+ 49. Kg2 Rb2+ 50. Kh3 h5 51. Rc6+ Kf5 52. Rf6# 1-0

[Event "Aragon-chT"]
[Site "Aragon"]
[Date "2009.02.21"]
[Round "4"]
[White "Hinojar Basa, Alfonso"]
[Black "Cebrian Valverde, Jose Antonio"]
[Result "1-0"]
[WhiteElo "2216"]
[BlackElo "2200"]
[PlyCount "99"]
[EventDate "2009.01.24"]
[EventType "team-swiss"]
[EventRounds "9"]
[EventCountry "ESP"]
[SourceTitle "EXT 2011"]
[Source "ChessBase"]
[SourceDate "2010.11.26"]
[SourceVersion "1"]
[SourceVersionDate "2010.11.26"]
[SourceQuality "1"]

1. e4 e6 2. d4 d5 3. Nc3 Bb4 4. e5 Ne7 5. a3 Bxc3+ 6. bxc3 c5 7. Nf3 Qa5 8. Bd2 Nbc6 9. Be2 Bd7 10. 0-0 c4 11. Ng5 f6 12. exf6 gxf6 13. Bh5+ Ng6 14. Nxh7 Kf7 15. Nxf6 Kxf6 16. Qf3+ Kg7 17. Qg4 Rxh5 18. Qxh5 Rh8 19. Qg5 Qd8 20. g3 Nce7 21. h4 Nf5 22. Qxd8 Rxd8 23. h5 Nge7 24. Kg2 Ba4 25. Rab1 b6 26. Rb2 Nd6 27. f3 Rf8 28. g4 Ng8 29. Re1 Kf6 30. Re2 Nf7 31. Be1 Nd6 32. Rb4 Bd7 33. a4 Ne7 34. Bg3 Nb7 35. Rb1 Nc6 36. Rh1 Nbd8 37. Bh4+ Kg7 38. Rhe1 Nf7 39. Rxe6 Bxe6 40. Rxe6 Ncd8 41. Bf6+ Kh7 42. Re7 a5 43. g5 Rg8 44. Rd7 Re8 45. Bxd8 Rxd8 46. Rxf7+ Kg8 47. Rb7 Rd6 48. Kg3 Kf8 49. Kf4 Re6 50. h6 1-0

[Event "Aragon-chT"]
[Site "Aragon"]
[Date "2009.01.31"]
[Round "2"]
[White "Garza Marco, Sergio"]
[Black "Cebrian Valverde, Jose Antonio"]
[Result "1-0"]
[WhiteElo "2386"]
[BlackElo "2200"]
[PlyCount "55"]
[EventDate "2009.01.24"]
[EventType "team-swiss"]
[EventRounds "9"]
[EventCountry "ESP"]
[SourceTitle "EXT 2011"]
[Source "ChessBase"]
[SourceDate "2010.11.26"]
[SourceVersion "1"]
[SourceVersionDate "2010.11.26"]
[SourceQuality "1"]

1. Nf3 f5 2. g3 Nf6 3. Bg2 g6 4. b4 Bg7 5. Bb2 0-0 6. c4 d6 7. d4 h6 8. Nbd2 g5 9. e3 Qe8 10. d5 a5 11. a3 Na6 12. Qb3 Bd7 13. Nd4 c6 14. h4 cxd5 15. cxd5 Ba4 16. Qa2 axb4 17. hxg5 hxg5 18. Nxf5 Nc5 19. Qb1 Rf7 20. axb4 Ncd7 21. Nf3 Ne5 22. Nxg5 Qb5 23. Bxe5 dxe5 24. Rh4 Ra6 25. Bf1 Qxd5 26. Bxa6 bxa6 27. Rxa4 e4 28. Qa2 1-0

[Event "Aragon-chT Autonomico"]
[Site "Aragon"]
[Date "2007.02.03"]
[Round "2"]
[White "Ramiro Ovejero, Juan Luis"]
[Black "Cebrian Valverde, Jose Antonio"]
[Result "1-0"]
[WhiteElo "2299"]
[BlackElo "2205"]
[PlyCount "51"]
[EventDate "2007.01.27"]
[EventType "team"]
[EventRounds "9"]
[EventCountry "ESP"]
[SourceTitle "EXT 2008"]
[Source "ChessBase"]
[SourceDate "2007.11.25"]
[SourceVersion "1"]
[SourceVersionDate "2007.11.25"]
[SourceQuality "1"]
[WhiteTeam "Caissa"]
[BlackTeam "San Jose"]
[WhiteTeamCountry "ESP"]
[BlackTeamCountry "ESP"]

1. e4 e6 2. d4 d5 3. Nd2 c5 4. Ngf3 cxd4 5. Nxd4 Nc6 6. Bb5 Bd7 7. Nxc6 Bxc6 8. Bxc6+ bxc6 9. c4 Nf6 10. Qa4 Qd7 11. e5 Ng4 12. Nf3 Rb8 13. a3 h5 14. 0-0 f6 15. exf6 gxf6 16. h3 Bd6 17. c5 Bxc5 18. hxg4 hxg4 19. Qxg4 Kf7 20. Bg5 Rbg8 21. Qf4 Qe7 22. Bxf6 Bd6 23. Ne5+ Bxe5 24. Bxe5+ Kg6 25. Bxh8 Rxh8 26. Rfe1 1-0

[Event "Aragon-chT Autonomico"]
[Site "Aragon"]
[Date "2007.01.27"]
[Round "1"]
[White "Baron Rodriguez, Jesus"]
[Black "Cebrian Valverde, Jose Antonio"]
[Result "0-1"]
[WhiteElo "2422"]
[BlackElo "2205"]
[PlyCount "94"]
[EventDate "2007.01.27"]
[EventType "team"]
[EventRounds "9"]
[EventCountry "ESP"]
[SourceTitle "EXT 2008"]
[Source "ChessBase"]
[SourceDate "2007.11.25"]
[SourceVersion "1"]
[SourceVersionDate "2007.11.25"]
[SourceQuality "1"]
[WhiteTeam "IberCaja"]
[BlackTeam "San Jose"]
[WhiteTeamCountry "ESP"]
[BlackTeamCountry "ESP"]

1. Nf3 Nf6 2. c4 e6 3. g3 c5 4. Bg2 Nc6 5. 0-0 Be7 6. d4 d5 7. cxd5 exd5 8. Nc3 0-0 9. Bg5 cxd4 10. Nxd4 h6 11. Nxc6 bxc6 12. Be3 Re8 13. Rc1 Qa5 14. Na4 Bg4 15. b3 Rac8 16. Qd3 Ba3 17. Rc2 Bh5 18. Bh3 Bg6 19. Qc3 Bb4 20. Qb2 Bxc2 21. Bxc8 Bxb3 22. axb3 Rxc8 23. Bxh6 c5 24. Rc1 Re8 25. Bf4 c4 26. e3 Ne4 27. h4 Nd2 28. h5 Nxb3 29. h6 Bf8 30. Bd6 Nxc1 31. Bxf8 Qe1+ 32. Kg2 c3 33. Nxc3 Nd3 34. Qc2 Nxf2 35. Qf5 Qxc3 36. Bxg7 Qd3 37. Qxf2 Qxe3 38. Qf6 Qe2+ 39. Kg1 Qd1+ 40. Kg2 Re2+ 41. Kh3 Qh1+ 42. Kg4 Qe4+ 43. Kg5 Qe7 44. g4 a5 45. Kh5 Qxf6 46. Bxf6 Kh7 47. g5 a4 0-1

[Event "ESP Autonomico-chT Promocion"]
[Site "Spain"]
[Date "2006.04.29"]
[Round "12.13"]
[White "Cebrian Valverde, Jose Antonio"]
[Black "Munoz Bornao, Jose Maria"]
[Result "1-0"]
[WhiteElo "2220"]
[BlackElo "2053"]
[PlyCount "111"]
[EventDate "2006.04.29"]
[EventType "team"]
[EventRounds "1"]
[EventCountry "ESP"]
[SourceTitle "EXT 2007"]
[Source "ChessBase"]
[SourceDate "2006.11.23"]
[SourceVersion "1"]
[SourceVersionDate "2006.11.23"]
[SourceQuality "1"]

1. d4 e6 2. c4 f5 3. Nf3 Nf6 4. g3 d5 5. Bg2 c6 6. 0-0 Bd6 7. b3 Qe7 8. Bb2 0-0 9. Nbd2 b6 10. Ne5 Bb7 11. Ndf3 Ne4 12. Nd3 a5 13. Nfe5 Nd7 14. Rc1 Rac8 15. f3 Nef6 16. Qd2 c5 17. Rc2 cxd4 18. Nxd7 Nxd7 19. cxd5 Rxc2 20. Qxc2 Rc8 21. Qd2 e5 22. f4 e4 23. Ne1 Bb4 24. Qd1 Nf6 25. Bxd4 Nxd5 26. e3 Bc5 27. Nc2 Nb4 28. Nxb4 axb4 29. Rf2 Ba6 30. Bf1 Bxf1 31. Kxf1 Qc7 32. Rc2 Qd7 33. Qc1 Qb5+ 34. Kf2 Ra8 35. Qb2 Bxd4 36. Qxd4 Qd3 37. Qxd3 exd3 38. Rd2 Kf7 39. Kf3 Rc8 40. Rxd3 Rc2 41. h3 Rxa2 42. Rd4 Ke6 43. Rxb4 Ra6 44. g4 g6 45. Rb5 Kf6 46. Re5 Ra3 47. Rb5 Ra6 48. e4 fxe4+ 49. Kxe4 Ke6 50. h4 Kf6 51. Rd5 Ke6 52. f5+ gxf5+ 53. Rxf5 Ra3 54. Rb5 Ra6 55. Rh5 Ra3 56. Rh6+ 1-0

[Event "ESP Autonomico-chT"]
[Site "Spain"]
[Date "2006.04.01"]
[Round "9.49"]
[White "Cebrian Valverde, Jose Antonio"]
[Black "Gavin Roche, Enrique"]
[Result "0-1"]
[WhiteElo "2220"]
[BlackElo "2265"]
[PlyCount "56"]
[EventDate "2006.02.04"]
[EventType "team"]
[EventRounds "9"]
[EventCountry "ESP"]
[SourceTitle "EXT 2007"]
[Source "ChessBase"]
[SourceDate "2006.11.23"]
[SourceVersion "1"]
[SourceVersionDate "2006.11.23"]
[SourceQuality "1"]

1. d4 d5 2. c4 e6 3. Nc3 c5 4. e3 Nf6 5. Nf3 a6 6. a3 dxc4 7. Bxc4 b5 8. Ba2 Bb7 9. 0-0 Nbd7 10. d5 e5 11. Nh4 g6 12. f4 Bd6 13. f5 e4 14. fxg6 hxg6 15. g3 b4 16. Ne2 Ng4 17. Nf4 Rxh4 18. gxh4 Qxh4 19. Qe2 Nde5 20. h3 0-0-0 21. hxg4 Rh8 22. Qg2 Nf3+ 23. Rxf3 exf3 24. Qxf3 Qe1+ 25. Kg2 Bxf4 26. exf4 Qh1+ 27. Kf2 Rh2+ 28. Ke3 Rh3 0-1

[Event "ESP Autonomico-chT"]
[Site "Spain"]
[Date "2006.03.25"]
[Round "8.33"]
[White "Campos, Antonio"]
[Black "Cebrian Valverde, Jose Antonio"]
[Result "1-0"]
[WhiteElo "2245"]
[BlackElo "2220"]
[PlyCount "97"]
[EventDate "2006.02.04"]
[EventType "team"]
[EventRounds "9"]
[EventCountry "ESP"]
[SourceTitle "EXT 2007"]
[Source "ChessBase"]
[SourceDate "2006.11.23"]
[SourceVersion "1"]
[SourceVersionDate "2006.11.23"]
[SourceQuality "1"]

1. e4 e6 2. d4 d5 3. Nd2 Nc6 4. c3 e5 5. exd5 Qxd5 6. Ngf3 exd4 7. Bc4 Qh5 8. Qe2+ Be7 9. cxd4 Bd7 10. Nb3 0-0-0 11. Ne5 Bb4+ 12. Kf1 Qxe2+ 13. Kxe2 Re8 14. Be3 Nxe5 15. dxe5 Rxe5 16. a3 Bd6 17. Rhd1 Nf6 18. h3 Be6 19. Rac1 Nd5 20. Nd4 Nxe3 21. Bxe6+ fxe6 22. fxe3 Rf8 23. Nf3 Rd5 24. e4 Rxd1 25. Rxd1 h6 26. Rc1 a6 27. e5 Be7 28. Nd4 Bg5 29. Rc3 Re8 30. Kd3 Kd7 31. Ke4 c6 32. Rf3 c5 33. Ne2 Kc6 34. b4 b6 35. bxc5 bxc5 36. Rd3 Rd8 37. Rxd8 Bxd8 38. Nf4 c4 39. Nxe6 Be7 40. a4 g5 41. Kd4 c3 42. Kxc3 Kd5 43. Nd4 Ke4 44. Nc6 Bf8 45. e6 Kf4 46. e7 Bxe7 47. Nxe7 h5 48. Nd5+ Ke5 49. Ne3 1-0